Organizace práce v moderním podniku

Gespeichert in:
Bibliographische Detailangaben
1. Verfasser: Filka, Miloslav
Format: Buch
Sprache:Tschechisch
Veröffentlicht: Praha Práce 1988
Ausgabe:1. vyd.
Schriftenreihe:Člověk a práce
Tags: Tag hinzufügen
Keine Tags, Fügen Sie das erste Tag hinzu!

MARC

LEADER 00000nam a2200000 4500
001 c030039
005 20221219085454.0
041 0 |a cze 
044 |a CZ 
245 1 0 |a Organizace práce v moderním podniku  |c Miloslav Filka 
250 |a 1. vyd. 
264 1 |a Praha  |b Práce  |c 1988 
300 |a 164 s. 
490 1 |a Člověk a práce 
830 0 |a Člověk a práce 
100 1 |a Filka, Miloslav